Loading...
| LEADER | 00457nam a2200145Ia 4500 | ||
|---|---|---|---|
| 008 | 150624b xxu||||| |||| 00| f mal d | ||
| 082 | |a 853.M29 | ||
| 100 | |a Mohanadas Vallikkav | ||
| 245 | |c Mohanadas Vallikkav |a Sankeerthanam / | ||
| 260 | |b Author , |c 1990. | ||
| 546 | |a In Malayalam. | ||
| 650 | |v Novel | ||
| 942 | |c BK | ||
| 999 | |c 82561 |d 82561 | ||
| 952 | |0 0 |1 0 |2 ddc |4 0 |6 853_000000000000000_M29_SAN_M |7 0 |9 82505 |a UL |b UL |c ST1 |d 1998-09-15 |o 853.M29 SAN M |p 64235 |r 2012-10-27 |y BK | ||